|
|
|
|
| LEADER |
00000nam0a2200000 4500 |
| 001 |
200219 |
| 005 |
20231031184620.0 |
| 010 |
|
|
|a 5833801524
|
| 020 |
|
|
|a RU
|b 91-5636
|
| 035 |
|
|
|a (RuTPU)RU\TPU\book\218280
|
| 090 |
|
|
|a 200219
|
| 100 |
|
|
|a 20110902d1990 k y0rusy5003 ca
|
| 101 |
0 |
|
|a rus
|
| 102 |
|
|
|a TM
|
| 105 |
|
|
|a a z 001zy
|
| 200 |
1 |
|
|a Подземные воды Северных Каракумов (Заунгузья)
|f М. К. Калдаров
|g Академия наук Туркменской ССР (АН ТуркССР), Институт геологии ; отв. ред. К. Н. Аманниязов
|
| 210 |
|
|
|a Ашхабад
|c Ылым
|d 1990
|
| 215 |
|
|
|a 188 с.
|c ил.
|d 20 см
|
| 320 |
|
|
|a Библиогр.: с. 173-184 (187 назв.)
|
| 610 |
1 |
|
|a Каракумы
|
| 610 |
1 |
|
|a подземные воды
|
| 610 |
1 |
|
|a исследование
|
| 610 |
1 |
|
|a история
|
| 610 |
1 |
|
|a районы
|
| 610 |
1 |
|
|a геоморфологические условия
|
| 610 |
1 |
|
|a климатические условия
|
| 610 |
1 |
|
|a геологическое строение
|
| 610 |
1 |
|
|a гидрохимические показатели
|
| 610 |
1 |
|
|a формирование
|
| 675 |
|
|
|a 556.3(575)
|z rus
|v 3
|
| 686 |
|
|
|a 38.61
|2 rugasnti
|
| 700 |
|
1 |
|a Калдаров
|b М. К.
|g Махмуткали Калдарович
|4 070
|
| 702 |
|
1 |
|a Аманниязов
|b К. Н.
|4 340
|
| 712 |
0 |
2 |
|a Академия наук Туркменской ССР (АН ТуркССР)
|b Институт геологии
|2 stltpush
|3 (RuTPU)RU\TPU\col\12808
|
| 801 |
|
0 |
|a RU
|b RuMRKP
|c 19950417
|g psbo
|
| 801 |
|
1 |
|a RU
|b 63413507
|c 20110902
|
| 801 |
|
2 |
|a RU
|b 63413507
|c 20110908
|g RCR
|
| 942 |
|
|
|c BK
|